• 首页
  • 本馆介绍
  • 公告通知
  • 最新文献
  • 馆藏检索
  • 电子资源
  • 读者导购
  • 参考咨询
  • 我的图书馆
  • 登录
  • 详细信息显示
  • 放入我的书架
  • 预约/预借图书
  • 作者相关作品
  • 分类相关作品
  • 丛书相关作品
  • 出版社相关作品

书目信息

  • 表格格式
  • 工作单格式
  • 卡片格式
题名:
物业管理理论与实务
    
 
作者: 王青兰 , 齐坚 主编
分册:  
出版信息: 北京   高等教育出版社  1998.6
页数: 351页
开本: 32开
丛书名:
单 册:
中图分类: F293.33
科图分类:
主题词: 城市经济 , 市政经济
电子资源:
ISBN: 7-04-006365-4
000 00664nam0 2200229 45
001 0012220831
005 20031219104048.3
010    @a7-04-006365-4@dCNY13.80
100    @a20001222d1998 km y0chiy0120 ea
101 0  @achi
105    @a z 000yy
200 1  @a物业管理理论与实务@AWu Ye Guan Li Li Lun Yu Shi Wu@f王青兰,齐坚主编@FWang Qing Lan,Qi Jian Zhu Bian
210    @a北京@c高等教育出版社@d1998.6
215    @a351页@d32开
300    @a高等学校房地产经济系列教材
606 0  @a城市经济
606 0  @a市政经济
690    @aF293.33@v1
701  0 @a王青兰@4主编
701  0 @a齐坚@4主编
801    @aCN@bTSTC@c20001222
905    @b294134-136@dF293.33@e98@f3
    
    物业管理理论与实务/王青兰,齐坚主编.-北京:高等教育出版社,1998.6
    351页;32开
    高等学校房地产经济系列教材
    
    ISBN 7-04-006365-4:CNY13.80
    
●
相关链接 在E读中查询图书 在五车中查询图书 在当当中查询图书 在豆瓣中查询图书


正题名:物业管理理论与实务     索取号:F293.33/98         预约/预借

序号 登录号 条形码 馆藏地/架位号 状态 备注
1 0294134   002941348   第一借阅区/ [索取号:F293.33/98] 在馆    
2 0294135   002941357   第一借阅区/ [索取号:F293.33/98] 在馆    
3 0294136   002941366   第一借阅区/ [索取号:F293.33/98] 在馆    
唐山师范学院图书馆 欢迎您!
大连网信软件有限公司© 版权所有